| 000 | 00779nam a22002057a 4500 | ||
|---|---|---|---|
| 999 |
_c8512 _d8512 |
||
| 003 | AR-CdUCM | ||
| 008 | 190325b ||||| |||| 00| 0 spa d | ||
| 040 |
_aMUNICIPALIDAD PROVINCIAL DEL CUSCO _cBIBLIOTECA MUNICIPAL DEL CUSCO |
||
| 082 |
_a869.51 / _bM84 |
||
| 100 |
_aMontes Ataucuri, Edmundo W. _920722 |
||
| 245 |
_aLas Wankas de Chumbivilcas : _bliteratura quechua del ande / |
||
| 260 |
_aCusco : _bArte Link, _c2016. |
||
| 300 |
_a121 páginas ; _bImágenes. _c20.5 cm. _e+ 1 CD. |
||
| 505 | _aContenido: Área de estudios de las wankas -- Literatura quechua -- La waka y el wanka -- Wankas agrícolas -- Wasichana wanka ... | ||
| 650 |
_aCanciones sagradas _923844 |
||
| 650 |
_aCanto colectivo _923845 |
||
| 650 |
_aQuechua _92063 |
||
| 942 |
_2ddc _cLIBROS |
||
| 945 | _aafb | ||